Tansania-visa - Statistics

Yleistilastot
  • Tätä visaa on pelattu 271 kertaa
  • Keskiarvotulos 17 / 24
Vastaustilastot
Vihje Vastaus % Oikein
Naapurimaa Kenia
91%
Naapurimaa Mosambik
87%
Naapurimaa Ruanda
86%
Tansanian kolonisoinut Euroopan valtio Yhdistynyt kuningaskunta
86%
Naapurimaa Kongon demokraattinen tasavalta
85%
Naapurimaa Uganda
85%
Naapurimaa Malawi
84%
Yksi kolmesta suurimmasta rajalla sijaitsevasta järvestä Njassajärvi
84%
Naapurimaa Burundi
82%
Tansanian kolonisoinut Euroopan valtio Saksa
81%
Korkein vuori Kilimanjaro
80%
Naapurimaa Sambia
80%
Yksi kolmesta suurimmasta rajalla sijaitsevasta järvestä Victorianjärvi
80%
De facto -virallinen kieli Englanti
79%
Saari, joka oli lyhyen aikaa itsenäinen valtio Sansibar
72%
De facto -virallinen kieli Swahili
72%
Fraasi, joka tarkoittaa "ei huolta", Disney-elokuvan tunnetuksi tekemä Hakuna matata
70%
Väkirikkain kaupunki Dar es Salaam
69%
Pääkaupunki Dodoma
64%
Tansanian talouden suurin sektori Maatalous
60%
Suuret järvet, joiden rannalla Tansania sijaitsee Tanganjikajärvi
46%
Sansibarin historiallinen kieli Arabia
45%
Lähinnä ruohotasankoa oleva pohjoinen alue, joka on kuuluisa gnuiden muutosta Serengeti
38%
Heimo, jonka elämä perustuu karjanpaimentamiseen Maasai
34%
Ehtoja vastaavia visoja ei löytynyt
Tulosjakauma
Jokaisen tuloksen saaneiden osuus
Persentiili vastausten määrän mukaan
Tuloshistoriasi
Et ole pelannut tätä visaa